Music Quiz

Random Music or Lyrics Quiz

Who Is It Sung To? Quiz Stats

Quiz Updated Mar 28, 2012

Challenge
Share
Tweet
Embed
Score 0/32 Timer 06:00
5 Plays Today
Lyric/Singer Being Sung To % Correct
You can dance, you can jive, having the time of your life.
ABBA
Dancing Queen
84%
You're so fine you blow my mind.
Toni Basil
Mickey
65.1%
Don't carry the world upon your shoulders.
The Beatles
Jude
60.2%
You make bathtime lots of fun!
Ernie
Rubber Duckie
58%
Told you once I won't tell you again.
The Police
Roxanne
57.9%
And it hurt that my friends never stood downwind.
Pumbaa
Simba
54.5%
What are they feeding you?
Phoebe Buffay
Smellycat
53.5%
Don't believe me? Ask the dishes!
Lumiere
Belle
51.5%
I think I got something to say to you.
Rod Stewart
Maggie May
48.3%
And they made you change your name.
Elton John
Marilyn Monroe/Norma Jean
46.6%
You should know by now I'm not a baby.
Madonna
Papa
44.9%
Man, what are you doin' here?
Billy Joel
The Pianoman
43.5%
Never gonna tell a lie, never gonna say good-bye.
Rick Astley
You
42%
You're shaking my confidence daily.
Simon and Garfunkel
Cecilia
41.2%
You better let somebody love you, before it's too late.
Eagles
Desperado
36.5%
Believe in me. Help me believe in anything.
Counting Crows
Mr. Jones
34.3%
Lyric/Singer Being Sung To % Correct
We stand on guard for thee.
National Anthem
Canada
32.3%
You know you're still number one.
Cyndi Lauper
Daddy Dear
32.2%
I got more important things to do than spend my time growin' old with you.
The Guess Who
American Woman
31.4%
You can't say we never tried.
The Rolling Stones
Angie
27.6%
You seduce every man, this time you won't seduce me.
Michael Jackson
Diana
26%
And the stars look very different today.
David Bowie
Ground Control
25.4%
You might just make it after all.
Sonny Curtis (TV Theme Song)
Mary Tyler Moore
25.1%
Me and the boys will be playin' all night.
Kiss
Beth
25%
Sing, my angel. Sing for me!
Erik (The Phantom of the Opera)
Christine
22.9%
They could not take your pride.
U2
Martin Luther King Jr.
22%
Our love holds on, holds on.
Steve Perry
Sherrie
20.7%
Storms are brewing in your eyes.
Starship
Sara
14.8%
Who you are is not what you did, you're still an innocent.
Taylor Swift
Kanye West
13.6%
Mamma won't let anyone dirty get through.
Pink Floyd
Baby Pink
11.2%
'Cause you're keeping me up all night.
Robbie Williams
DJ
11.1%
The only thing you done was yesterday, and since you've gone you're just another day.
John Lennon
Paul McCartney
9%

You're not logged in!

Compare scores with friends on all Sporcle quizzes.
Sign Up with Email
OR
Log In

You Might Also Like...

Show Comments

Extras

Top Quizzes Today


Score Distribution

Your Account Isn't Verified!

In order to create a playlist on Sporcle, you need to verify the email address you used during registration. Go to your Sporcle Settings to finish the process.